|
|
|
|
| LEADER |
00000nab a2200000 a 4500 |
| 001 |
vtls000607721 |
| 003 |
SK-MaSNL |
| 005 |
20260304092450.0 |
| 008 |
250425c1995 xo 0 slo |
| 015 |
|
|
|a SNBRB19rr/mm-uuuuu
|
| 035 |
|
|
|a CL0607860
|
| 035 |
|
|
|a urn:nbn:sk:snk-ab34p7
|
| 035 |
|
|
|a (urnnbn)urn:nbn:sk:snk:ar-a05wwa
|
| 035 |
|
|
|a (uuid)216d341a-563d-4c96-93fd-68c31b7d4958
|
| 040 |
|
|
|a SNKBUCL
|b slo
|c SNKBUCL
|e AACR2
|
| 041 |
0 |
|
|a slo
|
| 044 |
|
|
|a xo
|c SK
|
| 080 |
|
|
|a 61-051:616-053.2
|2 1981
|
| 080 |
|
|
|a 616-053.2
|2 1981
|
| 080 |
|
|
|a 629 Jakubcová, Irena
|2 1981
|
| 100 |
1 |
|
|a Benedeková, Marta,
|d 1941-
|4 aut
|9 25750
|
| 245 |
1 |
0 |
|a Za profesorkou MUDr. Irenou Jakubcovou
|c Marta Benedeková, Vladimír Bzdúch
|
| 600 |
1 |
7 |
|a Jakubcová, Irena,
|d 1910-1995
|2 snkbucl
|9 48674
|
| 655 |
|
7 |
|a články z novín a časopisov
|2 snkbucl
|9 267496
|
| 700 |
1 |
|
|a Bzdúch, Vladimír,
|d 1951-
|4 aut
|9 205066
|
| 773 |
0 |
|
|t Detský lekár
|g Roč. 2, č. 4 (1995), s. 5
|x 1335-0838
|
| 850 |
|
|
|a Slovenská národná knižnica
|
| 852 |
|
|
|a Slovenská národná knižnica
|
| 954 |
|
|
|a odborná, vedecká literatúra pôvodná (slovenská)
|2 lita
|
| 958 |
|
|
|a article27
|
| 958 |
|
|
|a NX
|
| 958 |
|
|
|a BX
|
| 958 |
|
|
|a SK
|
| 958 |
|
|
|a MI
|
| 958 |
|
|
|a RK
|
| 958 |
|
|
|a OND
|
| 958 |
|
|
|a EUIPO
|
| 992 |
|
|
|a RBX
|
| 999 |
|
|
|c 2819199
|d 2821129
|